[Event "Tres Cantos op 10th"]
[Site "Tres Cantos"]
[Date "2018.06.26"]
[Round "6.42"]
[White "Murillo Paz, Pedro"]
[Black "Gonzalez Berrendero, Carlos"]
[Result "0-1"]
[WhiteElo "1459"]
[BlackElo "1821"]
[PlyCount "66"]
[EventDate "2018.06.21"]
[EventType "swiss"]
[EventRounds "9"]
[EventCountry "ESP"]
[SourceTitle "EXT 2024"]
[Source "ChessBase"]
[SourceDate "2023.10.10"]
[SourceVersion "1"]
[SourceVersionDate "2023.10.10"]
[SourceQuality "1"]

1. e4 c5 2. Nf3 d6 3. Nc3 Nc6 4. d4 cxd4 5. Nxd4 e5 6. Nf3 Nf6 7. Bc4 h6 8. 0-0 Be7 9. Ne2 Bg4 10. Ng3 Nd4 11. c3 Nxf3+ 12. gxf3 Bd7 13. Qb3 0-0 14. Qxb7 a5 15. Qb3 Rb8 16. Qd1 Qc7 17. Be2 Bc6 18. Kh1 d5 19. Rg1 dxe4 20. Nxe4 Nxe4 21. fxe4 Bxe4+ 22. f3 Bg6 23. Qf1 Qc6 24. Bc4 e4 25. Rxg6 Qxg6 26. Qf2 Qc6 27. Be2 Bc5 28. Be3 Bxe3 29. Qxe3 Rxb2 30. f4 Rd8 31. Rg1 Rdd2 32. Qg3 e3+ 33. Bf3 Qxf3+ 0-1

[Event "San Sebastian de los Reyes op 18th"]
[Site "San Sebastian"]
[Date "2016.12.04"]
[Round "2"]
[White "Gonzalez Berrendero, Carlos"]
[Black "Torres Bosch, Jose Francisco"]
[Result "0-1"]
[WhiteElo "1834"]
[BlackElo "2142"]
[PlyCount "60"]
[EventDate "2016.12.03"]
[EventType "swiss"]
[EventRounds "9"]
[EventCountry "ESP"]
[SourceTitle "CBM 176 Extra"]
[Source "ChessBase"]
[SourceDate "2017.03.02"]
[SourceVersion "1"]
[SourceVersionDate "2017.03.02"]
[SourceQuality "1"]

1. b3 f5 2. Bb2 Nf6 3. e3 e6 4. Nf3 c6 5. c4 Bd6 6. Qc2 0-0 7. Nc3 Bc7 8. Bd3 a5 9. g4 fxg4 10. Ng5 h6 11. Nge4 d5 12. Nxf6+ Qxf6 13. 0-0-0 Be5 14. h3 Na6 15. a3 Nc5 16. Bh7+ Kh8 17. hxg4 d4 18. exd4 Bxd4 19. Kb1 e5 20. g5 Qxg5 21. Rdg1 Qf6 22. Rg6 Bf5 23. Rxf6 Bxc2+ 24. Bxc2 Rxf6 25. b4 axb4 26. axb4 Ne6 27. Ne4 Rf4 28. Rh2 Bxb2 29. Kxb2 Nd4 30. Bb1 Ra4 0-1

[Event "Madrid San Viator op-A 26th"]
[Site "Madrid"]
[Date "2016.04.03"]
[Round "1"]
[White "Renteria Becerra, Jorge Elicer"]
[Black "Gonzalez Berrendero, Carlos"]
[Result "1-0"]
[WhiteElo "2258"]
[BlackElo "1822"]
[PlyCount "47"]
[EventDate "2016.04.03"]
[EventType "swiss"]
[EventRounds "9"]
[EventCountry "ESP"]
[SourceTitle "EXT 2017"]
[Source "ChessBase"]
[SourceDate "2016.10.25"]
[SourceVersion "1"]
[SourceVersionDate "2016.10.25"]
[SourceQuality "1"]

1. e4 c5 2. Nf3 d6 3. d4 cxd4 4. Nxd4 Nf6 5. Nc3 g6 6. Be3 Bg7 7. f3 0-0 8. Qd2 Nc6 9. Bc4 Bd7 10. 0-0-0 Rb8 11. Bb3 Na5 12. h4 b5 13. h5 Nc4 14. Bxc4 bxc4 15. hxg6 fxg6 16. Nde2 Qa5 17. Kb1 Qa3 18. Qc1 Nxe4 19. fxe4 Bxc3 20. Nxc3 Qxc3 21. Bd4 Qb4 22. Qh6 Rf7 23. Qxg6+ Kf8 24. Rxh7 1-0

[Event "San Sebastian de los Reyes op 17th"]
[Site "San Sebastian"]
[Date "2015.12.05"]
[Round "6"]
[White "Gonzalez Berrendero, Carlos"]
[Black "Fernandez Estremera, Fernando"]
[Result "1-0"]
[WhiteElo "1842"]
[BlackElo "1564"]
[PlyCount "119"]
[EventDate "2015.11.30"]
[EventType "swiss"]
[EventRounds "9"]
[EventCountry "ESP"]
[SourceTitle "CBM 170 Extra"]
[Source "ChessBase"]
[SourceDate "2016.02.25"]
[SourceVersion "1"]
[SourceVersionDate "2016.02.25"]
[SourceQuality "1"]

1. b4 Nf6 2. Bb2 e6 3. b5 d5 4. e3 c6 5. a4 Be7 6. Nf3 Nbd7 7. Be2 a6 8. Nc3 0-0 9. 0-0 Qc7 10. Ba3 Bxa3 11. Rxa3 axb5 12. Ra1 b4 13. Na2 Rxa4 14. c3 b3 15. Qxb3 Nc5 16. Qc2 Qa5 17. Rfb1 Bd7 18. d4 Nce4 19. Bd1 b5 20. Qb2 Ra3 21. Nb4 Ra8 22. Rxa3 Qxa3 23. Qxa3 Rxa3 24. Rc1 Rxc3 25. Rxc3 Nxc3 26. Bc2 Nce4 27. Ne5 c5 28. dxc5 Nxc5 29. Nxd7 Nfxd7 30. f3 Ne5 31. Kf2 h6 32. Ke2 Kf8 33. Kd2 Nc4+ 34. Ke2 Ke7 35. h4 Kd6 36. f4 f5 37. Kf3 Nd2+ 38. Ke2 Nde4 39. Kf3 Nd2+ 40. Ke2 Nc4 41. Kf3 Kc7 42. g4 fxg4+ 43. Kxg4 Nxe3+ 44. Kh5 Ne4 45. Kg6 Nf5 46. Nxd5+ exd5 47. Kxf5 Nf6 48. Kg6 Ne8 49. Kf7 Kd8 50. Bg6 b4 51. Kf8 Nd6 52. Bc2 Kd7 53. Kxg7 Ke6 54. Kg6 Ne4 55. f5+ Ke5 56. Bxe4 Kxe4 57. f6 b3 58. f7 b2 59. f8Q Kd4 60. Qb4+ 1-0

[Event "San Sebastian de los Reyes op 17th"]
[Site "San Sebastian"]
[Date "2015.12.01"]
[Round "2"]
[White "Gonzalez Berrendero, Carlos"]
[Black "Hernando Pertierra, Jose Carlos"]
[Result "0-1"]
[WhiteElo "1842"]
[BlackElo "2374"]
[PlyCount "40"]
[EventDate "2015.11.30"]
[EventType "swiss"]
[EventRounds "9"]
[EventCountry "ESP"]
[SourceTitle "CBM 170 Extra"]
[Source "ChessBase"]
[SourceDate "2016.02.25"]
[SourceVersion "1"]
[SourceVersionDate "2016.02.25"]
[SourceQuality "1"]

1. b3 d5 2. Bb2 Nf6 3. e3 g6 4. f4 Bg7 5. Nf3 0-0 6. Bd3 c5 7. 0-0 Nc6 8. a3 d4 9. e4 e5 10. fxe5 Ng4 11. Qe2 Ncxe5 12. Nxe5 Bxe5 13. h3 Qh4 14. Qe1 Bh2+ 15. Kh1 Bg3 16. Qe2 Ne5 17. Kg1 Bg4 18. Rf3 Rae8 19. a4 Nxf3+ 20. gxf3 Bxh3 0-1

[Event "San Sebastian de los Reyes op 14th"]
[Site "San Sebastian"]
[Date "2012.12.07"]
[Round "7"]
[White "Sanchez Carmona, Ruben"]
[Black "Gonzalez Berrendero, Carlos"]
[Result "0-1"]
[WhiteElo "1422"]
[BlackElo "1743"]
[PlyCount "72"]
[EventDate "2012.12.01"]
[EventType "swiss"]
[EventRounds "9"]
[EventCountry "ESP"]
[SourceTitle "CBM 151 Extra"]
[Source "ChessBase"]
[SourceDate "2012.12.18"]
[SourceVersion "1"]
[SourceVersionDate "2012.12.18"]
[SourceQuality "1"]

1. d4 d5 2. c4 c6 3. e3 Nf6 4. Nc3 Bf5 5. Nf3 h6 6. cxd5 cxd5 7. Bb5+ Nc6 8. Ne5 Rc8 9. Qa4 Qb6 10. Qb3 e6 11. Bxc6+ bxc6 12. Qxb6 axb6 13. Na4 b5 14. Nc5 Ne4 15. Nxe4 Bxe4 16. f3 Bf5 17. Ke2 c5 18. Bd2 c4 19. g4 Bh7 20. f4 Be4 21. Rhc1 Bd6 22. a4 bxa4 23. Rxa4 0-0 24. Rca1 Bxe5 25. fxe5 f6 26. Bb4 Rf7 27. Ra7 Rxa7 28. Rxa7 fxe5 29. dxe5 Rb8 30. Bc3 Rf8 31. Re7 Bf3+ 32. Ke1 Bxg4 33. Bb4 Rf3 34. Re8+ Kh7 35. Rf8 Rxe3+ 36. Kf2 Rxe5 0-1

[Event "San Sebastian de los Reyes op 13th"]
[Site "San Sebastian"]
[Date "2011.12.09"]
[Round "8"]
[White "Gonzalez Berrendero, Carlos"]
[Black "Camarero Izquierdo, Juan Carlos"]
[Result "0-1"]
[WhiteElo "1761"]
[BlackElo "1915"]
[PlyCount "73"]
[EventDate "2011.12.02"]
[EventType "swiss"]
[EventRounds "9"]
[EventCountry "ESP"]
[SourceTitle "CBM 145 Extra"]
[Source "ChessBase"]
[SourceDate "2012.01.03"]
[SourceVersion "1"]
[SourceVersionDate "2012.01.03"]
[SourceQuality "1"]

1. d4 f5 2. Nf3 e6 3. Bf4 Nf6 4. c4 Bb4+ 5. Nc3 0-0 6. a3 Bxc3+ 7. bxc3 b6 8. e3 Bb7 9. Bd3 d6 10. Ng5 Qe8 11. 0-0 Nbd7 12. Qc2 Qg6 13. f3 Rae8 14. d5 e5 15. Bxf5 Qh5 16. Bg4 Nxg4 17. fxg4 Qh4 18. g3 Qh6 19. Ne6 exf4 20. Nxf8 Rxf8 21. Rxf4 Re8 22. Qf5 Ne5 23. Raf1 g6 24. g5 Qg7 25. Qe4 Qe7 26. Rf6 Bc8 27. h4 Bf5 28. Qd4 Ng4 29. R1xf5 gxf5 30. Re6 Qf7 31. c5 Rxe6 32. dxe6 Qxe6 33. cxb6 axb6 34. e4 Qxe4 35. Qd2 Qe3+ 36. Qxe3 Nxe3 37. Kf2 0-1

[Event "San Sebastian de los Reyes op 13th"]
[Site "San Sebastian"]
[Date "2011.12.05"]
[Round "4"]
[White "Gonzalez Berrendero, Carlos"]
[Black "Hernandez Ramos, David"]
[Result "1-0"]
[WhiteElo "1761"]
[BlackElo "1574"]
[PlyCount "75"]
[EventDate "2011.12.02"]
[EventType "swiss"]
[EventRounds "9"]
[EventCountry "ESP"]
[SourceTitle "CBM 145 Extra"]
[Source "ChessBase"]
[SourceDate "2012.01.03"]
[SourceVersion "1"]
[SourceVersionDate "2012.01.03"]
[SourceQuality "1"]

1. e4 e6 2. Nf3 d5 3. e5 c5 4. d4 Nc6 5. c3 Qb6 6. Be2 Nge7 7. dxc5 Qxc5 8. Be3 Qa5 9. b4 Qc7 10. Bf4 Ng6 11. Bg3 Ncxe5 12. Nxe5 Nxe5 13. Qd4 f6 14. Bh5+ Kd8 15. 0-0 Bd6 16. a4 Nc6 17. Bxd6 Qxd6 18. Qe3 e5 19. Nd2 Be6 20. b5 Ne7 21. Rfd1 Qc7 22. Nb3 b6 23. Rac1 Nf5 24. Qd3 g6 25. Bg4 Ke7 26. Bxf5 gxf5 27. Nd2 Rad8 28. Qh3 Qc5 29. Nf3 Qc4 30. Qh6 Rdg8 31. Nd4 exd4 32. cxd4 Qxa4 33. Rc7+ Kd8 34. Rdc1 Rg6 35. Qf4 Qb3 36. Rc8+ Ke7 37. Qc7+ Bd7 38. Re1+ 1-0